Design Hotel

Saved in:
Bibliographic Details
Main Author: Peško, Marek, 1988- (Author)
Other Authors: Alexy, Andrej, 1965- (Thesis advisor)
Format: Manuscript Book
Language:Slovak
Published: Bratislava 2015
Subjects:
Online Access:http://is.stuba.sk/zp/portal_zp.pl?podrobnosti=112405
Tags: Add Tag
No Tags, Be the first to tag this record!

MARC

LEADER 00000ntm a22000003a 4500
001 stuzp52410
003 SK-STU
005 20210309081045.2
007 ta
008 150427s2015----xo-----f-mn---000-0-slo-d
040 |a STU  |b slo 
041 0 |a slo 
100 1 |a Peško, Marek,  |d 1988-  |u 054140  |4 aut  |U FAD Fakulta architektúry a dizajnu  |U FAD Fakulta architektúry  |T FA Ústav konštrukcií v architektúre a inžinierskych stavieb  |X 49368  |U A4140  |Y 395  |7 A000049368 
242 0 1 |a Design Hotel  |y eng 
245 1 0 |a Design Hotel 
260 |c 2015  |a Bratislava 
650 4 |a pasáž  |2 slo 
650 4 |a Bratislava  |2 slo 
650 4 |a Petržalka  |2 slo 
650 4 |a hotel  |2 slo 
650 4 |a Design  |2 slo 
650 4 |a Chorvátske  |2 slo 
650 4 |a rameno  |2 slo 
650 4 |a skelet  |2 slo 
650 4 |a obchod  |2 slo 
650 4 |a wellness  |2 slo 
650 4 |a fitness  |2 slo 
650 4 |a kaviareň  |2 slo 
650 4 |a Design  |2 eng 
650 4 |a hotel  |2 eng 
650 4 |a pasage  |2 eng 
700 1 |a Alexy, Andrej,  |d 1965-  |4 ths  |X 4185  |7 A000004185 
856 4 |u http://is.stuba.sk/zp/portal_zp.pl?podrobnosti=112405  |u https://opac.crzp.sk/?fn=detailBiblioForm&sid=1C7524EE209F6A36FFFD9447A9DE 
SQL |a stuzp52410  |b DDP  |c SLO  |d Design Hotel  |e 49368  |f Peško, Marek  |g 054140  |h 4185  |i Alexy, Andrej  |j 20150604  |k 153  |l 05  |m http://is.stuba.sk/zp/portal_zp.pl?podrobnosti=112405  |n I-ARCH  |o 5.1.1. architektúra a urbanizmus